00454nam a22001577a 450000500170000001000140001702000230003103500130005403700130006708200080008010000140008824500720010226000380017427000620021230000220027420100811145755.0 aENG-99792 a8183140343c100.00 aEN-83324 bDBAD/PUB a921 aAbdul Hai aThe noble life of Muhammad Sallallahu Alaihwasallam /cby Abdul Hai aNew DelhibAl Hasanat Booksc2008 a3004/2 Sir Syed Ahmad Road, Darya GanjbNew Delhie110002 a271p.c20cm (pbk)